Word Ladder: Trick or Treaters' Strategy Quiz Stats

Quiz Updated Oct 27, 2016

Challenge
Share
Tweet
Embed
Score 0/10 Timer 01:30
1 Play Today
Clue 4-Letter Word % Correct
Create harmonious sounds with the voiceSING
94.6%
To rid of a disease or illnessCURE
93.2%
Without a doubtSURE
91.6%
1980s popular toys: The ___ BearsCARE
90%
The length of the opposite side divided by the length of the hypotenuse in a right triangleSINE
87.7%
• Tell others about the house that gives out [rung 1] [rung 4] candy ___
or An Olympic event: The uneven ___
🍬BARS🍬
83.8%
• Find the house that gives out ___ [rung 4] candy [rung 10] •
or A chess piece
🍬KING🍬
83.7%
• Return often to the house that gives out [rung 1] ___ candy [rung 10] •
or Small or Extra Large, e.g.
🍬SIZE🍬
81.5%
Band that sang 'Drive' and 'You Might Think' with 'The'CARS
79.1%
Orman who advises people on their financesSUZE
77.1%

Today's Daily Dose

Word Ladder
Summertime

On This Day
June 23rd II

You're not logged in!

Compare scores with friends on all Sporcle quizzes.
Join for Free
OR
Log In

You Might Also Like...

Show Comments

Extras

Top Quizzes Today


Score Distribution

Your Account Isn't Verified!

In order to create a playlist on Sporcle, you need to verify the email address you used during registration. Go to your Sporcle Settings to finish the process.

Report this User

Report this user for behavior that violates our Community Guidelines.

Details: